| 000 | 00411nam a2200169Ia 4500 | ||
|---|---|---|---|
| 005 | 20250425161014.0 | ||
| 008 | 250425s9999 xx 000 0 und d | ||
| 041 | _aspa | ||
| 082 | _a621.25 | ||
| 100 | _aVIZUETE ZAMBRANO, DAVID EDUARD | ||
| 245 | 0 | _aEFECTOS DE LAS MEZCLAS DE ARENA DE MOLDEO EN | |
| 250 | _aS.E. | ||
| 260 | _aS.L. | ||
| 260 |
_aSin Pais _bESPOL _c1981 |
||
| 942 | _c01 | ||
| 010 | _a10433 | ||
| 999 |
_c200539 _d200539 |
||